Quizzes
Events
Quiz Creation
Community
Videos
Private Events
Remove Ads
Sign In
Join for FREE
Feedback
Dark Mode
Quiz Categories
Sports
Geography
Music
Movies
Television
Just For Fun
Miscellaneous
History
Literature
Language
Science
Gaming
Entertainment
Religion
Holiday
For Kids
Quiz Lab
Recent
Popular Today
Quiz Kudos Today
Editor Picks
Curator Picks
Quizzes by...
Day
Popularity
Type
Ratings
Length
Year
Community
Subscriptions
Recent Discussions
Orange Saloon
Badges
Playlists
Quests
Create
Leaderboards
Showdown
Live 5
Trivia Bingo
Activity
Puzzle Library
Sporcle Events
Private Events
Virtual Trivia
Globe League
Become a Host
Pub Owners
SporcleCon
Opinionation
Our Games
Videos
Blog
Mobile Apps
Partnerships
Remove Ads and Go Orange
Feedback
Sports
Athletes
MLB
NBA
NHL
NFL
Soccer
Sports Teams
WWE
NCAA
Football
Premier League
Basketball
Baseball
Hockey
Golf
Tennis
Cricket
Rugby
Auto Racing
Olympics
World Cup
Sports
Athletes
MLB
NBA
NHL
NFL
Soccer
Sports Teams
WWE
NCAA
Football
Premier League
Basketball
Baseball
Hockey
Golf
Tennis
Cricket
Rugby
Auto Racing
Olympics
World Cup
Random Quiz
Search Sporcle
×
Quiz Lab
Quiz Lab
Sports
NBA
Type in answers that appear in a list
Type in answers that appear in a list
Classic
Best Score? Go Orange.
Top 50 International NBA Players Stats
Can you name the Top 50 International NBA Players?
By
utahutes
10m
50 Questions
174 Plays
174 Plays
174 Plays
Comments
Comments
Give Quiz Kudos
Give Quiz Kudos
-
- Ratings
hide this ad
Replay
Link that replays current quiz
Next Quiz
Link to next quiz in quiz playlist
You Got
0%
They Got
Avg Score
75%
Avg Friend Score
Upgrade to see
Score Distribution
Jump to the score distribution portion of the page
Score
0/50
Timer
10:00
0
Plays Today
Team and Position
Player Name
% Correct
5. Memphis Grizzlies C
Marc Gasol
97.1%
15. San Antonio Spurs PF
Pau Gasol
97.1%
8. Dallas Mavericks PF
Dirk Nowitzki
96.6%
1. Cleveland Cavaliers PG
Kyrie Irving
93.1%
4. New York Knicks PF
Kristaps Porzingis
93.1%
6. Oklahoma City Thunder C
Steven Adams
93.1%
7. Utah Jazz C
Rudy Gobert
93.1%
11. Minnesota Timberwolves SF
Andrew Wiggins
92.5%
16. Minnesota Timberwolves PG
Ricky Rubio
92.5%
31. San Antonio Spurs PG
Tony Parker
92.5%
12. Miami Heat PG
Goran Dragic
91.4%
14. Philadelphia 76ers C
Joel Embiid
90.2%
3. Boston Celtics PF
Al Horford
89.7%
2. Milwaukee Bucks SF
Giannis Antetokounmpo
86.8%
9. Denver Nuggets PF
Nikola Jokic
86.8%
10. Charlotte Hornets SG
Nicolas Batum
86.8%
17. Cleveland Cavaliers C
Tristan Thompson
86.2%
28. Washington Wizards C
Marcin Gortat
86.2%
18. Denver Nuggets SF
Danilo Gallinari
85.1%
13. Toronto Raptors C
Jonas Valanciunas
83.9%
19. Orlando Magic PF
Serge Ibaka
83.9%
24. Atlanta Hawks PG
Dennis Schroder
82.8%
32. San Antonio Spurs PG
Patty Mills
81.6%
41. San Antonio Spurs SG
Manu Ginobili
81.6%
36. Los Angeles Lakers C
Timofey Mozgov
78.2%
Team and Position
Player Name
% Correct
20. Orlando Magic SG
Evan Fournier
76.4%
22. Orlando Magic PF
Nikola Vucevic
74.7%
23. Oklahoma City Thunder PF
Enes Kanter
74.7%
25. Houston Rockets C
Clint Capela
74.1%
26. Dallas Mavericks C
Andrew Bogut
73.6%
48. Golden State Warriors C
Zaza Pachulia
73.6%
35. Los Angeles Lakers SF
Luol Deng
72.4%
39. Milwaukee Bucks PG
Matthew Dellavedova
69%
27. Chicago Bulls SF
Nikola Mirotic
67.8%
21. Denver Nuggets C
Jusuf Nurkic
67.2%
29. Orlando Magic C
Bismack Biyombo
66.1%
33. Denver Nuggets PG
Emmanuel Mudiay
66.1%
30. Minnesota Timberwolves C
Gorgui Dieng
65.5%
37. Philadelphia 76ers SF
Dario Saric
64.9%
43. Phoenix Suns C
Alex Len
64.4%
34. Philadelphia 76ers PF
Ben Simmons
59.8%
42. Brooklyn Nets SG
Bojan Bogdanovic
58.6%
46. Philadelphia 76ers PF
Ersan Ilyasova
53.4%
38. Boston Celtics |
C
Kelly Olynyk
52.9%
40. Toronto Raptors PG
Cory Joseph
52.9%
45. Philadelphia 76ers PG
Sergio Rodriguez
52.9%
50. Atlanta Hawks SF
Thabo Sefolosha
51.7%
49. Orlando Magic SG
Mario Hezonja
50.6%
44. Milwaukee Bucks PF
Mirza Teletovic
44.8%
47. Washington Wizards C
Ian Mahinmi
40.2%
Quiz Playlist
Details
Report
Send in Message
Add To Playlist
Classic:
Type in answers that appear in a list
Quiz Source
Last Updated: Feb 16, 2017
Quiz Scoreboard
CHALLENGE
Sign Up to Join the Scoreboard
Show All
Scores
Hide
Comments
May contain spoilers
Recently Published
Billboard Blitz: Fleetwood Mac
by CooCooCachoo
Music
15s
Presidents Visiting Landmarks
by Hejman
History
7m
An Introduction to Baseball
by treessimontrees
Sports
5m
More to Explore
Quiz From the Vault
Featured Blog Post
Where Did the Easter Bunny Come From?
hide this ad
You Might Also Like...
Tags
NBA Quiz
International
Top 50
Today's Top Quizzes in Sports
Browse Sports
hide this ad
Today's Top Quizzes in NBA
Browse NBA
Top Contributed Quizzes in Sports
1
Les meilleurs buteurs des matchs entre le PSG et l’OM
2
2022 World Cup Stars
3
FIFA Club World Cup Champions
4
Les entraîneurs de l'OM et du PSG au 21e siècle
5
Name the Premier League winners with different clubs
6
5-to-1: UK Sports Teams
7
La finale Lions - Afrique du Sud 2021
8
Criteria MLB: Left Handed Sluggers
9
AFC Teams Reveal (Wrong Answers Minefield)
10
England Test cricketers to play under Nasser Hussain
Explore More
Trending Topics
Harry Potter
Anime
Crossword
NBA
Disney
Kpop
Marvel
NFL
WWE
Soccer
Pokémon
Puzzle
The Office
Song
Country
hide this ad
More By:
utahutes
Quiz
Plays
Rating
Category
Featured
Created
Bleacher Report Top 100 NBA Players of All Time
11,075
4.25
Sports
Apr 1, 2015
Top 150 NBA 2k15 ratings
10,341
4.65
Sports
Oct 1, 2014
ESPN Top 100 MLB Players of All Time
6,835
4.25
Sports
Jul 23, 2016
ESPN #NBArank Top 10 by Position
6,649
4.36
Sports
Jan 20, 2016
NBA Nicknames
6,505
4.79
Sports
Aug 16, 2015
Go to Creator's Profile
Score Distribution
Quiz Creator Spotlight
utahutes
Follow
Send a Message
Quizzes Created
-
Created Quiz Play Count
-
More By This Creator
Popular Quizzes Today
1
Find the US States - No Outlines Minefield
2
Find the Countries of Europe - No Outlines Minefield
3
The Countries of the World
4
Find the US States
5
Popular People in 1961
6
US States
7
Risky Map Clicking: Biggest States A-Z
8
Movies - When Are They Set?
More Sports Quizzes
Ces pays n'ont jamais été en Coupe du monde
Quiz Lab
Trending Quizzes
Risky Map Clicking: Least Populous States A-Z
1-10 Letter G Words
1-10 Letter F Words
Risky Map Clicking: Next State Alphabetically
'A' Boys' Names Grid
Recently Updated
Leaping Animals
pecheneg
Reality TV Shows (A-Z)
bhenderson79
Rickey Henderson's Hall of Fame Teammates
pecheneg
Champions League XIs: Arsenal
pecheneg
Quick Pick: Celebrities in WWE's Hall of Fame
aduchscher
A-Z Keypad Blitz II
pecheneg
Multiple Oscar Actors
pecheneg
Mystery Phrase Blitz: Oscar 'Best Actors'
pecheneg
F. Scott Fitzgerald Novels
LTH
Pick 3 Villains
ddd62291
Trending Topics
Kpop
Crossword
Anime
Harry Potter
NBA
Disney
Marvel
NFL
WWE
Pokémon
The Office
Puzzle
Song
Country
Soccer
Your Account Isn't Verified!
In order to create a playlist on Sporcle, you need to verify the email address you used during registration. Go to your
Sporcle Settings
to finish the process.
Report this User
Report this user for behavior that violates our
Community Guidelines
.
Details:
Send Report
Go to the Sporcle.com Mobile Site →
Comments